Česká retrospektivní bibliografie Řada 1 Noviny Díl 1 Noviny České republiky od počátku do roku 1918 (CERBI N1) Část 1 Bibliografie

Bibliographic Details
Other Authors: Kubíček, Jaromír, 1938- (Compiler)
Format: Book
Language:Czech
English
German
PhysicalDescription:415 s. 25 cm
Published: Brno Lector Benevolus 2008
ISBN:9788086249469 (viaz. : Řada 1, díl 1, část 1)
8086249263 (súbor)
8086249271 (CERBI N - řada Noviny)
Subjects:

MARC

LEADER 00000nam a2200000 a 4500
001 vtls009345811
003 SK-MaSNL
005 20260302005828.0
008 081010s2008 xr g b 000 0 cze
020 |a 9788086249469 (viaz. : Řada 1, díl 1, část 1) 
020 |a 8086249263 (súbor) 
020 |a 8086249271 (CERBI N - řada Noviny) 
040 |a SNK  |b slo  |c SNK  |e AACR2 
041 0 |a cze  |a eng  |a ger 
043 |a e-xr--- 
044 |a xr  |c CZ 
072 7 |a 070  |x Noviny. Tlač  |2 konspekt 
072 7 |a 01  |x Bibliografia. Katalógy  |2 konspekt 
080 |a 070.48  |2 2001 
080 |a (437.3)  |2 2001 
080 |a 014-026.452  |2 2001 
080 |a (093)  |2 2001 
245 0 0 |a Česká retrospektivní bibliografie  |n Řada 1  |p Noviny  |n Díl 1  |p Noviny České republiky od počátku do roku 1918 (CERBI N1)  |n Část 1  |p Bibliografie  |c Jaromír Kubíček a kolektiv 
246 3 0 |a Noviny 
246 3 0 |a Noviny České republiky od počátku do roku 1918 (CERBI N1) 
246 3 0 |a CERBI N1 
246 3 0 |a Bibliografie 
260 |a Brno  |b Lector Benevolus  |c 2008 
300 |a 415 s.  |c 25 cm 
500 |a Vydané pre "Sdružení knihoven ČR a Moravskou zemskou knihovnu v Brně" 
500 |a Rozložená tit. s. 
500 |a Na obale použitá pretlač tit. s.: "Kraméryusowy cýsařské králowské wlastenské nowiny a Čechoslaw" z r. 1820 
546 |a Čiast. súbež. text angl. a nem. 
648 7 |a 1658-1918  |2 SNKPH  |9 405739 
650 0 7 |a noviny  |z Česko  |y 17.-20. stor.  |2 SNKPH  |9 405740 
650 0 7 |a Newspapers  |z Czech Republic  |y 17th-20th centuries  |2 SNKPHeng  |9 405741 
655 7 |a retrospektívne bibliografie  |2 SNKPH  |9 70584 
655 7 |a pramene  |2 SNKPH  |9 70564 
655 7 |a Retrospective bibliography  |2 SNKPHeng  |9 316551 
655 7 |a Sources  |2 SNKPHeng  |9 285559 
700 1 |a Kubíček, Jaromír,  |d 1938-  |4 com  |9 48338 
919 |a 978-80-86249-46-9 
919 |a 80-86249-26-3 
919 |a 80-86249-27-1 
999 |c 1000968  |d 1002898 
952 |a SNK  |b SNK  |y VYP  |7 0  |p 17A0631473  |o snkIC 137188/1/1 D1  |i snk2011/5398  |8 1  |0 0  |1 1  |4 0  |d 2011-03-10  |l 0  |r 2026-02-24 12:18:57  |w 2026-02-24 
952 |a SNK  |b SNK  |y VYP  |7 0  |p 17A0604234  |o snkIC 137188/1/1  |i snk2008/21036  |8 2  |g 19.12  |0 0  |1 0  |4 0  |d 2008-10-10  |l 0  |r 2026-02-24 12:18:57  |w 2026-02-24